Employee Motivation and Behavior in Home Credit-Cubao Quezon City, Philippines (Record no. 68264)
[ view plain ]
| 000 -LEADER | |
|---|---|
| fixed length control field | 00913nam a22002417a 4500 |
| 003 - CONTROL NUMBER IDENTIFIER | |
| control field | URS |
| 005 - DATE AND TIME OF LATEST TRANSACTION | |
| control field | 20230213101548.0 |
| 008 - FIXED-LENGTH DATA ELEMENTS--GENERAL INFORMATION | |
| fixed length control field | 230213b |||||||| |||| 00| 0 eng d |
| 043 ## - GEOGRAPHIC AREA CODE | |
| Geographic area code | URS |
| 100 ## - MAIN ENTRY--PERSONAL NAME | |
| 9 (RLIN) | 3758 |
| Personal name | Jovelen Caballero |
| Relator term | Author |
| 245 ## - TITLE STATEMENT | |
| Title | <a href="Employee Motivation and Behavior in Home Credit-Cubao Quezon City, Philippines">Employee Motivation and Behavior in Home Credit-Cubao Quezon City, Philippines</a> |
| Statement of responsibility, etc | Jovelen Caballero, Kenjie Ryan T. Cruz, Angelica R. Rellores |
| 260 ## - PUBLICATION, DISTRIBUTION, ETC. (IMPRINT) | |
| Date of publication, distribution, etc | 2022 |
| 300 ## - PHYSICAL DESCRIPTION | |
| Extent | xii, 65 leaves; |
| Dimensions | 28 cm. |
| 336 ## - CONTENT TYPE | |
| Source | rdacontext |
| Content type term | text |
| 337 ## - MEDIA TYPE | |
| Source | rdamedia |
| Media type term | unmediated |
| 338 ## - CARRIER TYPE | |
| Source | rdacarrier |
| Carrier type term | volume |
| 500 ## - GENERAL NOTE | |
| General note | <br/> |
| 502 ## - DISSERTATION NOTE | |
| Dissertation note | Undergraduate Thesis<br/> |
| Degree type | Bachelor of Science in Business Administration Major in Human Resource Management |
| Name of granting institution | University of Rizal System, Binangonan |
| Year degree granted | 2022 |
| 700 ## - ADDED ENTRY--PERSONAL NAME | |
| 9 (RLIN) | 3759 |
| Personal name | Kenjie Ryan T. Cruz |
| Relator term | Author |
| 700 ## - ADDED ENTRY--PERSONAL NAME | |
| 9 (RLIN) | 3760 |
| Personal name | Angelica R. Rellores |
| Relator term | Author |
| 700 ## - ADDED ENTRY--PERSONAL NAME | |
| 9 (RLIN) | 1594 |
| Personal name | Abelardo B. Ceñidoza, MAT |
| Relator term | adviser |
| 942 ## - ADDED ENTRY ELEMENTS (KOHA) | |
| Source of classification or shelving scheme | Library of Congress Classification |
| Koha item type | Theses and dissertations |
| Withdrawn status | Source of classification or shelving scheme | Damaged status | Not for loan | Home library | Current library | Shelving location | Date acquired | Total Checkouts | Barcode | Date last seen | Price effective from | Koha item type |
|---|---|---|---|---|---|---|---|---|---|---|---|---|
| Library of Congress Classification | Binangonan College Library | Binangonan College Library | Undergraduate Theses | 02/13/2023 | URSBIN-UGT2645 | 02/13/2023 | 02/13/2023 | Theses and dissertations |